Movies Quiz

Random Movies or Actress Quiz
Score 0/91 Timer 10:00
0 Plays Today
Film (Year) Actor/Actress % Correct
Grease (1978)John Travolta
94.1%
Grease (1978)Olivia Newton-John
88.2%
It's My Party (1996)Olivia Newton-John
88.2%
Grease (1978)Stockard Channing
70.6%
The Blue Lagoon (1980)Brooke Shields
70.6%
Honey, I Blew Up The Kid (1992)Rick Moranis
70.6%
White Fang (1991)Ethan Hawke
52.9%
Grease (1978)Frankie Avalon
47.1%
The Blue Lagoon (1980)Christopher Atkins
47.1%
Flight Of The Navigator (1986)Paul Mall
47.1%
Big Top Pee-wee (1988)Paul Reubens
47.1%
Flight Of The Navigator (1986)Sarah Jessica Parker
29.4%
It's My Party (1996)Eric Roberts
29.4%
Grease (1978)Jeff Conaway
23.5%
Grease (1978)Didi Conn
23.5%
Grandview, U.S.A. (1984)Jamie Lee Curtis
23.5%
Grandview, U.S.A. (1984)C. Thomas Howell
23.5%
Grandview, U.S.A. (1984)Patrick Swayze
23.5%
Honey, I Blew Up The Kid (1992)Keri Russell
23.5%
It's My Party (1996)Bruce Davison
23.5%
Shadow Of Doubt (1998)Melanie Griffith
23.5%
Lovewrecked (2005)Amanda Bynes
23.5%
Grease (1978)Dinah Manoff
17.6%
Grease (1978)Eve Arden
17.6%
The Blue Lagoon (1980)William Daniels
17.6%
Summer Lovers (1982)Peter Gallagher
17.6%
Summer Lovers (1982)Daryl Hannah
17.6%
Grandview, U.S.A. (1984)Troy Donahue
17.6%
Grandview, U.S.A. (1984)Jennifer Jason Leigh
17.6%
Grandview, U.S.A. (1984)John Cusack
17.6%
Grandview, U.S.A. (1984)Joan Cusack
17.6%
Film (Year) Actor/Actress % Correct
Flight Of The Navigator (1986)Cliff De Young
17.6%
Big Top Pee-wee (1988)Penelope Ann Miller
17.6%
White Fang (1991)Klaus Maria Brandauer
17.6%
Honey, I Blew Up The Kid (1992)Lloyd Bridges
17.6%
It's My Party (1996)Margaret Cho
17.6%
Shadow Of Doubt (1998)Tom Berenger
17.6%
Grease (1978)Barry Pearl
11.8%
Grease (1978)Michael Tucci
11.8%
Grease (1978)Kelly Ward
11.8%
Grease (1978)Jamie Donnelly
11.8%
Grease (1978)Joan Blondell
11.8%
The Blue Lagoon (1980)Leo McKern
11.8%
Summer Lovers (1982)Barbara Rush
11.8%
Summer Lovers (1982)Carole Cook
11.8%
Grandview, U.S.A. (1984)Carole Cook
11.8%
Grandview, U.S.A. (1984)M. Emmet Walsh
11.8%
Flight Of The Navigator (1986)Joey Cramer
11.8%
Flight Of The Navigator (1986)Veronica Cartwright
11.8%
Big Top Pee-wee (1988)Kris Kristofferson
11.8%
Big Top Pee-wee (1988)Susan Tyrrell
11.8%
Getting It Right (1989)Helena Bonham Carter
11.8%
Getting It Right (1989)Bryan Pringle
11.8%
Getting It Right (1989)Lynn Redgrave
11.8%
Getting It Right (1989)John Gielgud
11.8%
Getting It Right (1989)Judy Parfitt
11.8%
Getting It Right (1989)Peter Cook
11.8%
White Fang (1991)Seymour Cassel
11.8%
White Fang (1991)Susan Hogan
11.8%
White Fang (1991)James Remar
11.8%
Honey, I Blew Up The Kid (1992)Marcia Strassman
11.8%
It's My Party (1996)Lee Grant
11.8%
Film (Year) Actor/Actress % Correct
It's My Party (1996)Gregory Harrison
11.8%
It's My Party (1996)Marlee Matlin
11.8%
It's My Party (1996)Bronson Pinchot
11.8%
It's My Party (1996)George Segal
11.8%
It's My Party (1996)Roddy McDowall
11.8%
Shadow Of Doubt (1998)Huey Lewis
11.8%
Red Riding Hood (2006)Henry Cavill
11.8%
Red Riding Hood (2006)Morgan Thompson
11.8%
Red Riding Hood (2006)Sam Stone
11.8%
Red Riding Hood (2006)Debi Mazar
11.8%
Summer Lovers (1982)Valérie Quennessen
5.9%
Grandview, U.S.A. (1984)William Windom
5.9%
Grandview, U.S.A. (1984)Ramon Bieri
5.9%
Grandview, U.S.A. (1984)John Philbin
5.9%
Big Top Pee-wee (1988)Valeria Golino
5.9%
Getting It Right (1989)Jesse Birdsall
5.9%
Getting It Right (1989)Jane Horrocks
5.9%
Getting It Right (1989)Pat Heywood
5.9%
Honey, I Blew Up The Kid (1992)Robert Oliveri
5.9%
Honey, I Blew Up The Kid (1992)Daniel & Joshua Shalikar
5.9%
Honey, I Blew Up The Kid (1992)John Shea
5.9%
Shadow Of Doubt (1998)Craig Sheffer
5.9%
Shadow Of Doubt (1998)Wade Dominguez
5.9%
Lovewrecked (2005)Chris Carmack
5.9%
Lovewrecked (2005)Jonathan Bennett
5.9%
Lovewrecked (2005)Jamie-Lynn DiScala
5.9%
Red Riding Hood (2006)Lainie Kazan
5.9%
Red Riding Hood (2006)Daniel Roebuck
5.9%
Red Riding Hood (2006)Joey Fatone
5.9%
Remove Ads.
Support Sporcle.
Get the best of Sporcle when you Go Orange. This ad-free experience offers more features, more stats, and more fun while also helping to support Sporcle. Thank you for becoming a member.

You're not logged in!

Compare scores with friends on all Sporcle quizzes.
OR
Log In

Sporcle TV

Today on Sporcle TV


Watch our educational content, quiz creation guides, and fun videos on Sporcle TV.

Show Comments

Extras

Top Quizzes Today


Score Distribution

Paid Content

Your Account Isn't Verified!

In order to create a playlist on Sporcle, you need to verify the email address you used during registration. Go to your Sporcle Settings to finish the process.

Report this User

Report this user for behavior that violates our Community Guidelines.

Details: